000 00989nam a22002297a 4500
001 7202
003 FISKH
005 20250702112031.0
008 250702b cb ||||| |||| 00| 0 eng d
020 _a9781740897921
040 _aFISKH
_beng
_cFISKH
_dFISKH
050 _aPZ7
082 _a393.3
100 _aCoupe, Robert
245 _aMummies :
_bTop readers /
_cRobert Coupe
260 _aSydney :
_bWeldon Owen,
_c2008.
300 _a32 pages :
_bcolor illustrations ;
_c23 cm
520 _aThis nonfiction reader introduces young learners to the mysterious world of ancient mummies. It explains how civilizations like Egypt preserved the dead, the rituals involved, and why people once believed mummies had magical powers. Illustrated with vivid photos and accessible text, the book encourages curiosity about history, archaeology, and culture—designed for independent readers.
650 _aAnthropology
_vAncient history
_xHistory
942 _2ddc
_cBK
_n0
999 _c7202
_d7202